|
|
|
|
| LEADER |
00000nam a2200000 a 4500 |
| 001 |
vtls001521351 |
| 003 |
SK-MaSNL |
| 005 |
20260426014616.0 |
| 008 |
240314s2003 xo ob g f 000 0 slo |
| 015 |
|
|
|a SNBE2005/04-00962
|
| 020 |
|
|
|a 8096891723
|q (brož.)
|
| 040 |
|
|
|a SNK
|b slo
|c SNK
|e AACR2
|
| 043 |
|
|
|a e-xo---
|
| 072 |
|
7 |
|a 913(4)
|x Geografia Európy, reálie, cestovanie
|2 konspekt
|
| 080 |
|
|
|a 796.92
|2 MDT-MRF
|
| 080 |
|
|
|a 911.2(23.0)
|2 MDT-MRF
|
| 080 |
|
|
|a (437.6)
|2 MDT-MRF
|
| 080 |
|
|
|a (234.372.3)
|2 MDT-MRF
|
| 080 |
|
|
|a (036)913
|2 MDT-MRF
|
| 080 |
|
|
|a 796.5
|2 MDT-MRF
|
| 080 |
|
|
|a 796.525+796.926
|2 MDT-MRF
|
| 100 |
1 |
|
|a Klaučo, Stanislav,
|d 1955-
|4 aut
|9 196689
|
| 245 |
1 |
0 |
|a Výber skialpinistických a lyžiarskych túr
|c autor Stanislav Klaučo ; spoluatutori Michal Hnidka ... [et al.]
|
| 250 |
|
|
|a 2. vyd.
|
| 260 |
|
|
|a Bratislava
|b Horský internetový klub
|c 2003
|
| 300 |
|
|
|a 91 s.
|b fotogr., mp.
|c 21 cm
|
| 520 |
2 |
|
|a Publikácia obsahuje skialpinistické a lyžiarske túry z oblasti Vysokých Tatier, Západných Tatier, Nízkych Tatier, Veľkej Fatry a Malej Fatry; lavínové mapky Veľkej Studenej doliny, záver Žiarskej doliny a severné svahy Chopku a Derešov
|
| 650 |
0 |
7 |
|a skialpinizmus
|2 SNKPH
|9 24168
|
| 650 |
0 |
7 |
|a lyžovanie
|2 SNKPH
|9 3256
|
| 650 |
0 |
7 |
|a pohoria
|2 SNKPH
|9 44054
|
| 650 |
0 |
7 |
|a turistika
|2 SNKPH
|9 683
|
| 651 |
|
7 |
|a Vysoké Tatry (Poľsko a Slovensko : pohorie)
|2 SNKPHgeo
|9 67729
|
| 651 |
|
7 |
|a Západné Karpaty (pohorie)
|2 SNKPHgeo
|9 175174
|
| 651 |
|
7 |
|a Slovensko
|2 SNKPHgeo
|9 14231
|
| 655 |
|
7 |
|a turistickí sprievodcovia (publikácie)
|2 SNKPH
|9 191298
|
| 655 |
|
7 |
|a informačné publikácie
|2 SNKPH
|9 70181
|
| 700 |
1 |
|
|a Hnidka, Michal
|4 aut
|9 639008
|
| 700 |
1 |
|
|a Peťo, Ján
|4 aut
|9 639009
|
| 700 |
1 |
|
|a Settey, Juraj
|4 aut
|9 351201
|
| 700 |
1 |
|
|a Šajnoha, Marián,
|d 1939-2026
|4 aut
|9 227648
|
| 919 |
|
|
|a 80-968917-2-3
|
| 958 |
|
|
|a OND
|
| 999 |
|
|
|c 1162863
|d 1164793
|
| 952 |
|
|
|a SNK
|b SNK
|y PREZ
|7 0
|p 17A0461524
|o snkSC 119383
|i snk2005/4737
|8 0
|0 0
|1 0
|4 0
|d 2005-03-29
|l 0
|r 2025-05-28 00:00:00
|w 2026-02-24
|
| 952 |
|
|
|a SNK
|b SNK
|y VYP
|7 0
|p 17A0461525
|o snkSC 119383 D1
|i snk2005/4738
|8 0
|0 0
|1 0
|4 0
|d 2005-03-29
|l 0
|r 2026-02-24 20:39:02
|w 2026-02-24
|